000 01178nam2a2200301 4500
001 RU\NLR\BIBL_A\012305564
005 20250806200923.0
035 _a(NLR Aleph) 012305564
090 _a61137
_c61137
100 _a20250806 rusy50
101 0 _arus
102 _aRU
135 _acrcn 024anaba
200 0 _a1942, № 143 (2698) (19 июня)
210 _d1942
325 1 _aКопия доступна в электронной библиотеке РНБ
461 0 _1001RU\NLR\DIGIT\NP\001286
_12001#$aСоциалистическая Осетия$v1942, № 143 (2698) (19 июня)
852 _aNLR
_jР6189
856 0 _uhttps://vivaldi.nlr.ru/ap000000147/view/?#page=321
856 1 _uhttps://vivaldi.nlr.ru/ap000000147/cover
856 2 _uhttps://vivaldi.nlr.ru/ap000000147/text
901 _eГазеты
942 _cISSNP
945 _aРоссийская национальная библиотека
980 _aNB
980 _aBV
981 2 7 _a(27) Периодические издания
_b(27) Газеты